00334nam a22000977a 4500008004100000100001900041245010400060260002000164300003400184773001800218201225b ||||| |||| 00| 0 eng d aKondal,Kappa.  aImpact of direct Institutional credit on agricultural productivity in India: An empirical analysis  a Productivity  a61(1), Apr-Jun, 2020: p.82-96 aProductivity